Responses for Show #3813 - Wednesday, March 14, 2001

Contestants

[<< previous game]

Kyle Adams, a classical pianist and music instructor from Astoria, New York

Beth Kopley, a fundraiser from Boston, Massachusetts

Raj Choudhary, a customer care manager from Houston, Texas (whose 1-day cash winnings total $1,400)

[next game >>]

Jeopardy! Round responses

INDEPENDENCE DAYS
I GOT THE MUSIC IN ME
PREHISTORIC TIMES
LET IT "B"
MOTHER GOOSE
EGGS-CITEMENT!
    $100 1
Spain

Raj
    $100 8
The Rock & Roll Hall of Fame

Beth
    $100 6
(Kyle: What is language?)
(Raj: What is man?)

writing

RajKyle
Triple Stumper
    $100 15
a brat

Kyle
    $100 13
in the corn

Raj
    $100 17
scrambled eggs

Beth
    $200 2
(Kyle: What is the U.S.?)

Great Britain (England)

Kyle
Triple Stumper
    $200 9
Elvis Presley

Kyle
    $200 7
a horse

Kyle
    $200 16
Babylon

Beth
    $200 27
three little kittens

Raj
    $200 18
hard-boiled

Raj
    $300 3
Colombia

Raj
    $300 10
the Hard Rock Cafe

Beth
    $300 14
glaciers

Kyle
    $300 20
boat people

Raj
    $300 28
to get her poor dog a bone

Kyle
    $300 19
eggs Benedict

Kyle
    $400 4
South Africa

Raj
    $400 11
Grateful Dead

Raj
    $400 25
Neanderthal

Raj
    $400 23
The Beastie Boys

Raj
    $400 29
Simple Simon

Raj
    $400 21
(Kyle: What are blintzes?)

an eggroll

BethKyle
    $500 5
the Soviet Union (Russia)

Raj
    $500 12
Juilliard

Beth
    $500 26
the Carboniferous

Triple Stumper
    $500 24
a blowfish

Raj
    $500 30
Wee Willie Winkie

Beth
    $500 22
deviled eggs

Raj

Scores at the first commercial break (after clue 13):

Raj Beth Kyle
$1,700 $900 $100

Scores at the end of the Jeopardy! Round:

Raj Beth Kyle
$4,600 $2,100 $700

Double Jeopardy! Round responses

U.S. LAKES
FORGOTTEN MUSICALS
MILITARY MATTERS
WHAT THEY DID IN 2000
MEDICAL ABBREVIATIONS
"...OD" WORDS
    $200 6
Utah

Beth
    $200 7
Charles Dickens

Kyle
    $200 26
Attention

Beth
    $200 14
Pope John Paul II

Beth
    $200 21
(Kyle: What is tracheotomy?)

a tonsillectomy

BethKyle
    $200 1
(Raj: What is a sod?)

a clod

RajKyle
    $400 8
Detroit

Beth
    $400 9
Hamlet

Raj
    $400 27
(Raj: What is private?)
(Beth: What is lieutenant?)

sergeant

RajBethKyle
    $400 17
Rick Lazio

Raj
    $400 22
a tumor

Beth
    $400 2
prod

Kyle
    $600 10
forest fires

Beth
    $600 11
radium

Raj
    $600 28
wounded in action

Raj
    $3,000 18
Catherine Zeta-Jones

Raj
    $1,000 23
the eye

Beth
    $600 3
synod

Raj
    $800 12
Lake Erie

Raj
    $800 15
Federico Fellini

Beth
    $800 29
chemical

Raj
    $800 19
Wen Ho Lee

Kyle
    $800 24
M.E. (medical examiner)

Kyle
    $800 4
gastropod

Kyle
    $1000 13
Lake Charles

Triple Stumper
    $1000 16
Lilies of the Field

Beth
    $1000 30
Bivouac

Kyle
    $1000 20
Kim Dae-jung

Triple Stumper
    $1000 25
(Alex: Less than a minute to go.)

TB (tuberculosis)

Beth
    $1000 5
Nimrod

Triple Stumper

Scores at the end of the Double Jeopardy! Round:

Raj Beth Kyle
$11,200 $7,700 $5,100

[wagering suggestions for these scores]

Final Jeopardy! Round responses

FAMOUS FILMS
(Alex: And we won't penalize you for spelling.)
KyleWho was Edison?!
$3,000
BethWho was Zapruder?
$4,200
RajWho is Zapruder
$4,200
Abraham Zapruder (the film of the Kennedy Assassination)

Final scores:

Raj Beth Kyle
$15,400 $11,900 $2,100
2-day champion: $16,800 2nd place: a trip to Vienna, Austria, courtesy of Priceline.com 3rd place: Casablanca Avio desktop video editor

Game dynamics:

Coryat scores:

Raj Beth Kyle
$8,800 $7,300 $5,100
22 R
(including 2 DDs),
3 W
18 R
(including 1 DD),
1 W
14 R,
4 W

Combined Coryat: $21,200

[game clues] [game scores] [suggest correction]

Game tape date: 2000-12-05
The J! Archive is created by fans, for fans. Scraping, republication, monetization, and malicious use prohibited; this site may use cookies and collect identifying information. See terms. The Jeopardy! game show and all elements thereof, including but not limited to copyright and trademark thereto, are the property of Jeopardy Productions, Inc. and are protected under law. This website is not affiliated with, sponsored by, or operated by Jeopardy Productions, Inc. Join the discussion at JBoard.tv.